[Event "Montigny le Bretonneux 1hKO 20th"]
[Site "Montigny le Bretonneux"]
[Date "2016.05.08"]
[Round "7.3"]
[White "Forissier, Nicolas"]
[Black "Branson, James"]
[Result "1-0"]
[WhiteElo "1915"]
[BlackElo "1572"]
[PlyCount "80"]
[EventDate "2016.05.05"]
[EventType "swiss"]
[EventRounds "7"]
[EventCountry "FRA"]
[SourceTitle "EXT 2024"]
[Source "ChessBase"]
[SourceDate "2023.10.10"]
[SourceVersion "1"]
[SourceVersionDate "2023.10.10"]
[SourceQuality "1"]

1. d4 d5 2. c4 c6 3. Nc3 e6 4. e3 Nf6 5. Nf3 Nbd7 6. Bd3 dxc4 7. Bxc4 c5 8. d5 Nb6 9. Bb5+ Bd7 10. dxe6 fxe6 11. 0-0 Nbd5 12. Bc4 Nxc3 13. bxc3 b5 14. Be2 Qc7 15. c4 b4 16. Bb2 Be7 17. Ne5 Bd6 18. Nxd7 Bxh2+ 19. Kh1 Nxd7 20. f4 Bg3 21. Bh5+ Ke7 22. Qg4 Rhg8 23. Qxg3 Nf6 24. Bf3 Rad8 25. Rfd1 g6 26. Qg5 Rdf8 27. Be5 Qc8 28. Bd6+ Kf7 29. Qxc5 Qxc5 30. Bxc5 Rc8 31. Bxa7 Rxc4 32. Rdc1 Rgc8 33. Rxc4 Rxc4 34. Bd4 Nd5 35. Rb1 Nxf4 36. Kh2 Nd5 37. Be4 Nxe3 38. Bxg6+ hxg6 39. Bxe3 Rc2 40. Bg5 e5 1-0